| 000 | 00368nam a22001457a 4500 | ||
|---|---|---|---|
| 003 | MACL | ||
| 005 | 20190717165130.0 | ||
| 008 | 190717b xxu||||| |||| 00| 0 eng d | ||
| 040 | _cMACL | ||
| 100 |
_aSangtam,Tsathroungle _975996 |
||
| 245 | _aSamudragupta A Military Genius | ||
| 260 |
_aU.P. _bBhairavi Pub. _c2018 |
||
| 650 |
_aIndian History _9227 |
||
| 942 |
_2ddc _cBK |
||
| 999 |
_c60572 _d60572 |
||